The value of workplace environment in the hospitality industry employee perspectives /
Employees are valuable assets for organizations, and their well-being is crucial for productivity and success. The workplace environment significantly affects employees' cognitive and emotional states, behavior, engagement, performance, and productivity. Factors such as room design, layout, cle...
Elmentve itt :
| Szerzők: | |
|---|---|
| Testületi szerző: | |
| Dokumentumtípus: | Könyv része |
| Megjelent: |
University of Szeged
Szeged
2024
|
| Sorozat: | Proceedings of the International Symposium on Analytical and Environmental Problems
30 |
| Kulcsszavak: | Munkavállalás - vendéglátóipar, Munkavállalói elégedettség, Munkahelyi jólét, Pszichológia - munkahelyi |
| Tárgyszavak: | |
| Online Access: | http://acta.bibl.u-szeged.hu/85708 |
| LEADER | 02094naa a2200277 i 4500 | ||
|---|---|---|---|
| 001 | acta85708 | ||
| 005 | 20241122125001.0 | ||
| 008 | 241122s2024 hu o 100 eng d | ||
| 020 | |a 978-963-688-009-5 | ||
| 040 | |a SZTE Egyetemi Kiadványok Repozitórium |b hun | ||
| 041 | |a eng | ||
| 100 | 1 | |a Samardžić Selena | |
| 245 | 1 | 4 | |a The value of workplace environment in the hospitality industry |h [elektronikus dokumentum] : |b employee perspectives / |c Samardžić Selena |
| 260 | |a University of Szeged |b Szeged |c 2024 | ||
| 300 | |a 197-199 | ||
| 490 | 0 | |a Proceedings of the International Symposium on Analytical and Environmental Problems |v 30 | |
| 520 | 3 | |a Employees are valuable assets for organizations, and their well-being is crucial for productivity and success. The workplace environment significantly affects employees' cognitive and emotional states, behavior, engagement, performance, and productivity. Factors such as room design, layout, cleanliness, equipment quality, temperature, ventilation, lighting, noise levels and air quality all play a crucial role in creating a comfortable and engaging workplace environment. This study highlights the importance of these factors and underscores the potential benefits of further research on how they impact employee productivity in hospitality organizations. The findings suggest that lighting quality significantly influences employees' perception of working conditions, while noise levels positively correlate with productivity and employee health. | |
| 650 | 4 | |a Társadalomtudományok | |
| 650 | 4 | |a Közgazdasági és gazdálkodástudományok | |
| 695 | |a Munkavállalás - vendéglátóipar, Munkavállalói elégedettség, Munkahelyi jólét, Pszichológia - munkahelyi | ||
| 700 | 0 | 1 | |a Novaković Nenad |e aut |
| 700 | 0 | 1 | |a Laktoš Robert |e aut |
| 700 | 0 | 1 | |a Mihailović Aleksandra |e aut |
| 700 | 0 | 1 | |a Adamović Savka |e aut |
| 711 | |a 30th International Symposium on Analytical and Environmental Problems |c Szeged |d 2024. október 7-8. | ||
| 856 | 4 | 0 | |u http://acta.bibl.u-szeged.hu/85708/1/proceedings_of_isaep_2024_197-199.pdf |z Dokumentum-elérés |